ბათუმის შოთა რუსთაველის სახელმწიფო უნივერსიტეტის ბიბლიოთეკა

მასწავლებლის სახელმძღვანელო ქართულ ენაში. 3კლ. (ბიბ.ჩანაწერი № 51242)

000 -LEADER
fixed length control field 00918nam a2200217Ia 4500
001 - CONTROL NUMBER
control field 18202
003 - CONTROL NUMBER IDENTIFIER
control field GE_BSU
008 - FIXED-LENGTH DATA ELEMENTS--GENERAL INFORMATION
fixed length control field 181216s||||||||xx |||||||||||||| ||und||
040 ## - CATALOGING SOURCE
Transcribing agency GE_BSU
080 ## - UNIVERSAL DECIMAL CLASSIFICATION NUMBER
Universal Decimal Classification number 821.353.1(072)
100 ## - MAIN ENTRY--PERSONAL NAME
Personal name როდონაია,ვახტანგ., ვაშაკიძე,ლალი., არაბული,ავთ., მირიანაშვილი, მარიამ.
245 ## - TITLE STATEMENT
Title მასწავლებლის სახელმძღვანელო ქართულ ენაში. 3კლ.
260 ## - PUBLICATION, DISTRIBUTION, ETC.
Place of publication, distribution, etc. თბილისი
260 ## - PUBLICATION, DISTRIBUTION, ETC.
Name of publisher, distributor, etc. საქართველოს მაცნე
260 ## - PUBLICATION, DISTRIBUTION, ETC.
Date of publication, distribution, etc. 2008
300 ## - PHYSICAL DESCRIPTION
Extent 115გვ.29სმ.
653 ## - INDEX TERM--UNCONTROLLED
Uncontrolled term მასწავლებლის სახელმძღვანელო ქართულ ენაში
653 ## - INDEX TERM--UNCONTROLLED
Uncontrolled term ქართული ენა
942 ## - ADDED ENTRY ELEMENTS (KOHA)
Koha item type წიგნი
ეგზემპლარები
Withdrawn status Lost status Damaged status Not for loan Date acquired Barcode Date last seen Price effective from Koha item type
        2018-12-17 46376 2018-12-17 2018-12-17 წიგნი